[Event "Hanoi GM2 03"]
[Site "Hanoi"]
[Date "2024.03.20"]
[Round "3"]
[White "Mohammad Fahad, Rahman"]
[Black "Quizon, Daniel"]
[Result "1/2-1/2"]
[WhiteElo "2426"]
[BlackElo "2432"]
[PlyCount "62"]
[EventDate "2024.03.19"]
[EventType "tourn"]
[EventRounds "9"]
[EventCountry "VIE"]
[SourceTitle "CB13_2024"]
[SourceDate "2024.03.27"]
[SourceVersion "1"]
[SourceVersionDate "2024.03.27"]
[SourceQuality "1"]

1. e4 c5 2. Nf3 d6 3. d4 cxd4 4. Nxd4 Nf6 5. Nc3 a6 6. Rg1 Nc6 7. g4 e6 8. g5 Nd7 9. Be3 Qc7 10. f4 b5 11. a3 Bb7 12. h4 Nc5 13. Nxc6 Bxc6 14. Bg2 Qb7 15. Qd4 a5 16. Kf2 a4 17. Rad1 Rb8 18. Kg3 Rg8 19. h5 Be7 20. Bf3 Kf8 21. e5 d5 22. Na2 Qc7 23. Nb4 Bb7 24. Kf2 Rc8 25. Nd3 Nd7 26. c3 Qa5 27. Qa7 Qc7 28. Qd4 Qa5 29. Qa7 Qc7 30. g6 f6 31. Qd4 Rh8 1/2-1/2

[Event "PHI-ch"]
[Site "Marikina City"]
[Date "2024.01.03"]
[Round "7"]
[White "San Diego, Marie Antoinette"]
[Black "Quizon, Daniel"]
[Result "0-1"]
[WhiteElo "2081"]
[BlackElo "2425"]
[PlyCount "104"]
[EventDate "2023.12.27"]
[EventType "tourn"]
[EventRounds "13"]
[EventCountry "PHI"]
[SourceTitle "CB02_2024"]
[SourceDate "2024.01.10"]
[SourceVersion "1"]
[SourceVersionDate "2024.01.10"]
[SourceQuality "1"]

1. d4 Nf6 2. Nf3 g6 3. c4 Bg7 4. Nc3 d6 5. Bg5 0-0 6. e3 c5 7. d5 e6 8. Be2 exd5 9. cxd5 a6 10. a4 Qb6 11. Ra3 Bg4 12. Rb3 Qc7 13. Nd2 Bxe2 14. Qxe2 Nbd7 15. 0-0 Rfe8 16. Nc4 b6 17. Bf4 Bf8 18. g4 Ne4 19. f3 Nxc3 20. bxc3 Qb7 21. Rd1 b5 22. Nxd6 Bxd6 23. Bxd6 c4 24. Rb2 Nb6 25. axb5 Nxd5 26. bxa6 Qc6 27. Bb4 Nf4 28. Qf1 Rxe3 29. Bd6 Nd3 30. Rb8+ Rxb8 31. Bxb8 Qxa6 32. Bg3 Qf6 33. Kg2 Qxc3 34. Rb1 Qd2+ 35. Kh3 Re8 36. Rd1 Qe2 37. Qxe2 Rxe2 38. g5 Kf8 39. Kg4 Ke7 40. f4 Rxh2 41. Ra1 Rb2 42. Ra7+ Ke6 43. Rc7 Kd5 44. f5 Nc5 45. Rxf7 c3 46. Rxh7 c2 47. Bf4 Rb4 48. Rh1 Nd3 49. fxg6 Rxf4+ 50. Kh5 Ke6 51. g7 Kf7 52. Kh6 c1Q 0-1

[Event "Marikina City Kamatyas"]
[Site "Marikina City"]
[Date "2023.12.12"]
[Round "4"]
[White "Quizon, Daniel"]
[Black "Banawa, Joel Cholo"]
[Result "1/2-1/2"]
[WhiteElo "2415"]
[BlackElo "2414"]
[PlyCount "54"]
[EventDate "2023.12.10"]
[EventType "tourn"]
[EventRounds "9"]
[EventCountry "PHI"]
[EventCategory "7"]
[SourceTitle "CB51_2023"]
[SourceDate "2023.12.20"]
[SourceVersion "1"]
[SourceVersionDate "2023.12.20"]
[SourceQuality "1"]

1. d4 Nf6 2. Nc3 d5 3. Bf4 c5 4. e4 Nxe4 5. Nxe4 dxe4 6. dxc5 Qa5+ 7. c3 Qxc5 8. Qa4+ Nc6 9. Qxe4 g6 10. Be3 Qa5 11. Bc4 Bg7 12. Ne2 Bf5 13. Qd5 0-0 14. Qxa5 Nxa5 15. Bd5 e6 16. Bf3 Nc4 17. b3 Nxe3 18. fxe3 Bd3 19. Bxb7 Rab8 20. Bf3 Bxe2 21. Kxe2 Bxc3 22. Rac1 Ba5 23. Rc5 Bb6 24. Rc2 Ba5 25. Rc5 Bb6 26. Rc2 Ba5 27. Rc5 Bb6 1/2-1/2

[Event "Marikina City Kamatyas"]
[Site "Marikina City"]
[Date "2023.12.10"]
[Round "1"]
[White "Quizon, Daniel"]
[Black "Concio, Michael Jr"]
[Result "1/2-1/2"]
[WhiteElo "2415"]
[BlackElo "2403"]
[PlyCount "56"]
[EventDate "2023.12.10"]
[EventType "tourn"]
[EventRounds "9"]
[EventCountry "PHI"]
[EventCategory "7"]
[SourceTitle "CB51_2023"]
[SourceDate "2023.12.20"]
[SourceVersion "1"]
[SourceVersionDate "2023.12.20"]
[SourceQuality "1"]

1. c4 Nf6 2. Nc3 d6 3. d4 g6 4. e4 Bg7 5. Nf3 0-0 6. Be2 e5 7. dxe5 dxe5 8. Qxd8 Rxd8 9. Bg5 Re8 10. h3 c6 11. 0-0-0 Na6 12. Be3 Bf8 13. Bg5 Bg7 14. Rd6 Nd7 15. Rhd1 Ndc5 16. Rd8 Be6 17. Rxa8 Rxa8 18. b3 f6 19. Be3 Bf8 20. Kb2 Nd7 21. a3 Nb6 22. Nd2 Bc5 23. Nf1 Be7 24. Nd2 Bc5 25. Nf1 Be7 26. Nd2 Bc5 27. Nf1 Be7 28. Nd2 Bc5 1/2-1/2

[Event "Eastern Asia-ch U20"]
[Site "Kota Kinabalu"]
[Date "2023.12.02"]
[Round "1"]
[White "Linus, Brayden Carl"]
[Black "Quizon, Daniel"]
[Result "0-1"]
[WhiteElo "1561"]
[BlackElo "2415"]
[PlyCount "70"]
[EventDate "2023.12.02"]
[EventType "swiss"]
[EventRounds "9"]
[EventCountry "MAS"]
[SourceTitle "CB50_2023"]
[SourceDate "2023.12.13"]
[SourceVersion "1"]
[SourceVersionDate "2023.12.13"]
[SourceQuality "1"]

1. a3 g6 2. d4 Nf6 3. Nf3 Bg7 4. Bf4 d6 5. e3 0-0 6. Bd3 Nc6 7. Nbd2 Re8 8. 0-0 e5 9. Bg5 h6 10. Bxf6 Bxf6 11. c3 a6 12. Qc2 Be6 13. Rfe1 Bg7 14. h3 Qe7 15. Nf1 Rad8 16. Rad1 Na5 17. c4 c5 18. b4 e4 19. bxa5 exf3 20. Ng3 fxg2 21. Kxg2 Qh4 22. Rh1 cxd4 23. e4 h5 24. Rdf1 Be5 25. Qd2 Bf4 26. Qb2 Rc8 27. Rb1 Rc5 28. Qxb7 Rg5 29. Kf1 Bxg3 30. fxg3 Rxg3 31. Qb3 Bxh3+ 32. Rxh3 Qxh3+ 33. Ke2 Rg2+ 34. Ke1 Qe3+ 35. Kd1 Qd2# 0-1

[Event "ASEAN-ch"]
[Site "Quezon City"]
[Date "2023.02.18"]
[Round "11"]
[White "Nolte, Rolando"]
[Black "Quizon, Daniel"]
[Result "0-1"]
[WhiteElo "2375"]
[BlackElo "2397"]
[PlyCount "114"]
[EventDate "2023.02.11"]
[EventType "tourn"]
[EventRounds "11"]
[EventCountry "PHI"]
[EventCategory "6"]
[SourceTitle "CBM 212 Extra"]
[Source "ChessBase"]
[SourceDate "2023.03.31"]
[SourceVersion "1"]
[SourceVersionDate "2023.03.31"]
[SourceQuality "1"]

1. Nf3 Nf6 2. c4 g6 3. Nc3 Bg7 4. e4 d6 5. d4 0-0 6. Be2 e5 7. 0-0 Nc6 8. d5 Ne7 9. Nd2 Nd7 10. b4 a5 11. bxa5 Rxa5 12. a4 Nc5 13. Ba3 b6 14. Bb4 Ra8 15. f3 Bd7 16. Qc2 f5 17. Nb5 Bh6 18. Bxc5 bxc5 19. Qd3 Nc8 20. Nb3 Bg5 21. a5 Ra6 22. Kh1 h5 23. g3 f4 24. Kg2 Rf7 25. g4 hxg4 26. fxg4 Rh7 27. h3 Bh4 28. Nd2 Bg3 29. Rh1 Kg7 30. Nf1 Bh4 31. Nd2 Bf6 32. Nf3 c6 33. Nc3 Rxa5 34. dxc6 Bxc6 35. Nd5 Rxa1 36. Rxa1 Kg8 37. Nd2 Rf7 38. Bf3 Bg7 39. Be2 Kh8 40. Nf3 Ra7 41. Rxa7 Nxa7 42. Nd2 Bd7 43. Nc3 Bf8 44. Nf3 Nc6 45. Bd1 Nd4 46. Ba4 Bxa4 47. Nxd4 cxd4 48. Nxa4 Qa5 49. Nb2 Qa2 50. Qc2 Be7 51. Qf2 Kg7 52. Qe2 Bg5 53. Kf3 Qb3+ 54. Nd3 Qxc4 55. Nf2 Qc3+ 56. Nd3 Bh4 57. Qd1 Kh6 0-1

[Event "ASEAN-ch"]
[Site "Quezon City"]
[Date "2023.02.13"]
[Round "4"]
[White "Quizon, Daniel"]
[Black "Dau, Khuong Duy"]
[Result "1/2-1/2"]
[WhiteElo "2397"]
[BlackElo "2116"]
[PlyCount "79"]
[EventDate "2023.02.11"]
[EventType "tourn"]
[EventRounds "11"]
[EventCountry "PHI"]
[EventCategory "6"]
[SourceTitle "CBM 212 Extra"]
[Source "ChessBase"]
[SourceDate "2023.03.31"]
[SourceVersion "1"]
[SourceVersionDate "2023.03.31"]
[SourceQuality "1"]

1. e4 c5 2. Nf3 d6 3. d4 cxd4 4. Nxd4 Nf6 5. Nc3 a6 6. Be3 e5 7. Nb3 Be7 8. f3 h5 9. Qd2 Be6 10. 0-0-0 Nbd7 11. Kb1 Rc8 12. Nd5 Nxd5 13. exd5 Bf5 14. Bd3 Bxd3 15. Qxd3 Bg5 16. Bf2 0-0 17. h4 Bh6 18. g4 hxg4 19. fxg4 Bf4 20. g5 f5 21. Qf3 Qc7 22. c3 a5 23. Rh3 Qc4 24. Nd4 exd4 25. Qxf4 dxc3 26. Qxc4 Rxc4 27. bxc3 b5 28. Bd4 b4 29. h5 bxc3 30. Rxc3 Rxc3 31. Bxc3 f4 32. Bxa5 f3 33. Kc2 Ra8 34. Bb4 Rxa2+ 35. Kc3 Rg2 36. g6 f2 37. Rf1 Nf6 38. Kd3 Rg5 39. Rxf2 Rxd5+ 40. Kc2 1/2-1/2

[Event "PHI-ch"]
[Site "Malolos"]
[Date "2023.02.05"]
[Round "6"]
[White "San Diego, Marie Antoinette"]
[Black "Quizon, Daniel"]
[Result "0-1"]
[WhiteElo "2157"]
[BlackElo "2397"]
[PlyCount "100"]
[EventDate "2023.02.01"]
[EventType "tourn"]
[EventRounds "9"]
[EventCountry "PHI"]
[EventCategory "5"]
[SourceTitle "CBM 212 Extra"]
[Source "ChessBase"]
[SourceDate "2023.03.31"]
[SourceVersion "1"]
[SourceVersionDate "2023.03.31"]
[SourceQuality "1"]

1. d4 Nf6 2. Nf3 g6 3. Nc3 d5 4. Bf4 Bg7 5. e3 0-0 6. Nb5 Ne8 7. c4 dxc4 8. Bxc4 Nd6 9. Qb3 Nxc4 10. Qxc4 c6 11. Nc3 Be6 12. Qe2 b5 13. Nd2 b4 14. Nce4 Bd5 15. 0-0 Nd7 16. Rac1 a5 17. a3 Qb6 18. a4 Rac8 19. Rc2 c5 20. Rfc1 c4 21. Ng3 Bb7 22. Nxc4 Qc6 23. Qf3 Qa6 24. Qe2 Qc6 25. Qf3 Qxf3 26. gxf3 Bxf3 27. Nd2 Rxc2 28. Rxc2 Bd1 29. Rc7 e5 30. Rxd7 exf4 31. Ngf1 Bxa4 32. Ra7 Rc8 33. b3 Bb5 34. Rxa5 Be2 35. Ra1 h5 36. Rb1 h4 37. Nc4 Bxc4 38. bxc4 Rxc4 39. Nd2 Rc2 40. Nf3 fxe3 41. fxe3 Bh6 42. Rb3 h3 43. Ne5 Rg2+ 44. Kf1 Rxh2 45. Ng4 Rh1+ 46. Kf2 Bf8 47. e4 Bg7 48. e5 h2 49. Rh3 b3 50. Rxb3 Rf1+ 0-1

[Event "PHI-ch"]
[Site "Malolos"]
[Date "2023.02.03"]
[Round "4"]
[White "Garcia, Jan Emmanuel"]
[Black "Quizon, Daniel"]
[Result "1-0"]
[WhiteElo "2409"]
[BlackElo "2397"]
[PlyCount "81"]
[EventDate "2023.02.01"]
[EventType "tourn"]
[EventRounds "9"]
[EventCountry "PHI"]
[EventCategory "5"]
[SourceTitle "CBM 212 Extra"]
[Source "ChessBase"]
[SourceDate "2023.03.31"]
[SourceVersion "1"]
[SourceVersionDate "2023.03.31"]
[SourceQuality "1"]

1. Nf3 Nf6 2. c4 g6 3. d4 Bg7 4. g3 0-0 5. Bg2 d6 6. 0-0 Nc6 7. Nc3 e5 8. dxe5 dxe5 9. Bg5 Be6 10. Qa4 Qe8 11. Nd2 Nd4 12. Qxe8 Rfxe8 13. e3 Nc2 14. Bxf6 Bxf6 15. Rad1 c6 16. a3 e4 17. Na4 b5 18. cxb5 cxb5 19. Nxe4 Be5 20. Nac5 Bc4 21. Rc1 Bxf1 22. Kxf1 f5 23. Ng5 Nxe3+ 24. fxe3 Bxb2 25. Rb1 Bxa3 26. Bxa8 Bxc5 27. Bd5+ Kh8 28. Rxb5 Bxe3 29. Ne6 Bb6 30. Rb2 Rc8 31. h4 Rc3 32. Kg2 Rc1 33. Re2 Rg1+ 34. Kh2 Rf1 35. Kg2 Rg1+ 36. Kh3 h6 37. Nf4 g5 38. Re8+ Kg7 39. Nh5+ Kh7 40. Bg8+ Kh8 41. Be6+ 1-0

[Event "Manny Pacquiao op"]
[Site "General Santos City"]
[Date "2022.12.15"]
[Round "5"]
[White "Sivuk, Vitaly"]
[Black "Quizon, Daniel"]
[Result "0-1"]
[WhiteElo "2570"]
[BlackElo "2383"]
[PlyCount "82"]
[EventDate "2022.12.13"]
[EventType "swiss"]
[EventRounds "9"]
[EventCountry "PHI"]
[SourceTitle "EXT 2024"]
[Source "ChessBase"]
[SourceDate "2023.10.10"]
[SourceVersion "1"]
[SourceVersionDate "2023.10.10"]
[SourceQuality "1"]

1. d4 Nf6 2. c4 g6 3. Nc3 Bg7 4. e4 d6 5. Nf3 0-0 6. Be2 c5 7. 0-0 cxd4 8. Nxd4 Nc6 9. Be3 Nxd4 10. Bxd4 Be6 11. b3 Nd7 12. Bxg7 Kxg7 13. f4 f6 14. Bg4 Bxg4 15. Qxg4 Nc5 16. Qe2 Ne6 17. Rad1 Qb6+ 18. Kh1 Nd4 19. Qg4 e5 20. Nd5 Qd8 21. f5 Qd7 22. Rd3 Kh8 23. Rh3 gxf5 24. exf5 Rf7 25. Rh6 Raf8 26. Qe4 Kg8 27. h3 b5 28. cxb5 Qxb5 29. Rf2 Qc5 30. Kh2 Kh8 31. Rh5 Rg7 32. Rd2 Qc1 33. Rf2 Qc5 34. b4 Qc6 35. Rh6 Rgf7 36. Rh4 Rg7 37. a4 a6 38. Rh5 Rgf7 39. Rd2 Qc1 40. Qd3 Rg7 41. Ne3 Nf3+ 0-1

[Event "Titled Tuesday intern op 06th Dec Early"]
[Site "Chess.com INT"]
[Date "2022.12.06"]
[Round "2"]
[White "Herman, Daniel"]
[Black "Quizon, Daniel"]
[Result "1-0"]
[WhiteElo "1957"]
[BlackElo "2383"]
[PlyCount "93"]
[EventDate "2022.12.06"]
[EventType "swiss (blitz)"]
[EventRounds "11"]
[EventCountry "USA"]
[SourceTitle "CBM 211 Extra"]
[Source "ChessBase"]
[SourceDate "2023.01.31"]
[SourceVersion "1"]
[SourceVersionDate "2023.01.31"]
[SourceQuality "1"]

1. Nc3 Nf6 2. e4 d6 3. d4 g6 4. Be3 Bg7 5. f3 0-0 6. Qd2 c5 7. dxc5 Nc6 8. cxd6 Be6 9. Nge2 exd6 10. 0-0-0 Qa5 11. Nd4 Nxd4 12. Bxd4 Rac8 13. a3 Qc7 14. g4 a6 15. h4 b5 16. h5 Qb7 17. h6 Bh8 18. g5 Nd7 19. Bxh8 Kxh8 20. Qd4+ f6 21. Qxd6 Rc6 22. Qd4 Qc7 23. Kb1 Ne5 24. f4 Nf3 25. Qe3 Bg4 26. Be2 fxg5 27. Bxf3 Bxf3 28. Qxf3 gxf4 29. Qd3 Qe5 30. Qd7 Rc7 31. Qd6 Qxd6 32. Rxd6 g5 33. Nd5 Rcf7 34. Rg1 f3 35. Ne3 f2 36. Rxg5 f1Q+ 37. Nxf1 Rxf1+ 38. Ka2 R1f6 39. Rgd5 Kg8 40. e5 Rf2 41. Rc6 Ra8 42. Rd7 Re2 43. Rg7+ Kh8 44. Rcc7 Rxe5 45. Rxh7+ Kg8 46. Rcg7+ Kf8 47. Rh8# 1-0

[Event "Titled Tuesday intern op 06th Dec Late"]
[Site "Chess.com INT"]
[Date "2022.12.06"]
[Round "5"]
[White "Oro, Faustino"]
[Black "Quizon, Daniel"]
[Result "0-1"]
[WhiteElo "2182"]
[BlackElo "2383"]
[PlyCount "68"]
[EventDate "2022.12.06"]
[EventType "swiss (blitz)"]
[EventRounds "11"]
[EventCountry "USA"]
[SourceTitle "CBM 211 Extra"]
[Source "ChessBase"]
[SourceDate "2023.01.31"]
[SourceVersion "1"]
[SourceVersionDate "2023.01.31"]
[SourceQuality "1"]

1. e4 c5 2. Nf3 d6 3. d4 cxd4 4. Nxd4 Nf6 5. Nc3 a6 6. f3 e5 7. Nb3 Be6 8. Be3 Be7 9. Qd2 0-0 10. 0-0-0 b5 11. g4 Nbd7 12. g5 Nh5 13. Ne2 Rc8 14. Kb1 Nb6 15. Ng3 Nf4 16. Bxf4 exf4 17. Qxf4 Bxg5 18. Qxd6 Na4 19. Be2 Bf6 20. c3 Qe8 21. e5 Bxb3 22. axb3 Bxe5 23. Qxa6 Nxb2 24. Bxb5 Nxd1 25. Bxe8 Nxc3+ 26. Kc2 Nd5+ 27. Kd2 Bf4+ 28. Kd1 Rfxe8 29. Ne4 f5 30. Nd6 Nc3+ 31. Kc2 Bxd6 32. Kb2 Be5 33. Re1 Ne2+ 34. Ka3 Ra8 0-1

[Event "Asia-ch U20"]
[Site "Tagaytay City"]
[Date "2022.11.20"]
[Round "2"]
[White "Quizon, Daniel"]
[Black "Limpangog, Aaron"]
[Result "1-0"]
[WhiteElo "2420"]
[BlackElo "1292"]
[PlyCount "99"]
[EventDate "2022.11.19"]
[EventType "swiss"]
[EventRounds "9"]
[EventCountry "PHI"]
[SourceTitle "CBM 211 Extra"]
[Source "ChessBase"]
[SourceDate "2023.01.31"]
[SourceVersion "1"]
[SourceVersionDate "2023.01.31"]
[SourceQuality "1"]

1. c4 e5 2. Nc3 Nf6 3. g3 Bc5 4. Bg2 c6 5. d3 d6 6. Nf3 Be6 7. 0-0 Nbd7 8. Ng5 d5 9. cxd5 cxd5 10. Nxe6 fxe6 11. e4 dxe4 12. dxe4 0-0 13. Qe2 Rc8 14. Be3 Bxe3 15. Qxe3 Qb6 16. Qe2 Nc5 17. Rad1 Rcd8 18. Qc4 a5 19. a3 Rxd1 20. Nxd1 Rd8 21. b4 axb4 22. axb4 Nd3 23. Bh3 Kf7 24. Ne3 Rd4 25. Qc8 Rxe4 26. Nc4 Rxc4 27. Qxc4 e4 28. b5 Ne5 29. Qe2 Nf3+ 30. Kh1 Nd5 31. Bg2 Ng5 32. h4 Nf3 33. Bxf3 exf3 34. Qxf3+ Nf6 35. Qd3 Qc5 36. Kg2 Qd5+ 37. Qxd5 Nxd5 38. Ra1 b6 39. Ra7+ Kf6 40. Rb7 h5 41. f3 g6 42. Kf2 Kf5 43. Rf7+ Ke5 44. g4 Nf4 45. Rb7 Nd5 46. Kg3 Kf6 47. Rb8 e5 48. gxh5 gxh5 49. Rh8 Kg6 50. Rd8 1-0

[Event "Titled Tuesday intern op 15th Nov Early"]
[Site "Chess.com INT"]
[Date "2022.11.15"]
[Round "5"]
[White "Yu, Yangyi"]
[Black "Quizon, Daniel"]
[Result "1-0"]
[WhiteElo "2716"]
[BlackElo "2420"]
[PlyCount "61"]
[EventDate "2022.11.15"]
[EventType "swiss (blitz)"]
[EventRounds "11"]
[EventCountry "USA"]
[SourceTitle "CBM 211 Extra"]
[Source "ChessBase"]
[SourceDate "2023.01.31"]
[SourceVersion "1"]
[SourceVersionDate "2023.01.31"]
[SourceQuality "1"]

1. e4 c5 2. Nf3 d6 3. d4 cxd4 4. Nxd4 a6 5. c4 Nf6 6. Nc3 e6 7. g4 Qc7 8. g5 Nfd7 9. Be3 b6 10. h4 Bb7 11. h5 Nc6 12. Rh3 Nce5 13. Rc1 Be7 14. f4 Nc6 15. Nd5 Qd8 16. Nc3 Nxd4 17. Qxd4 e5 18. Qd2 exf4 19. Bxf4 0-0 20. Kd1 Nc5 21. h6 g6 22. Kc2 f6 23. gxf6 Bxf6 24. Bg2 Be5 25. Rf1 Qe7 26. Nd5 Bxd5 27. Qxd5+ Kh8 28. Rhf3 Nd7 29. Bh3 Nf6 30. Bxe5 dxe5 31. Rxf6 1-0